Applied Sociology for Nurses/ (Record no. 1600)

MARC details
000 -LEADER
Fixed length control field 00470nam a2200181Ia 4500
003 - CONTROL NUMBER IDENTIFIER
Control field IIN
005 - DATE AND TIME OF LATEST TRANSACTION
Control field 20250507124955.0
008 - FIXED-LENGTH DATA ELEMENTS--GENERAL INFORMATION
Fixed length control field 231217s9999 xx 000 0 und d
020 ## - INTERNATIONAL STANDARD BOOK NUMBER / ISBN
Price Rs.395.00
International Standard Book Number 9789374737279
040 ## - CATALOGING SOURCE
Original cataloging agency IIN
Language of cataloging English
082 ## - DEWEY DECIMAL CLASSIFICATION NUMBER
Classification number 610.73
Book Number KHA
100 1# - MAIN ENTRY--PERSONAL NAME
Personal name Khanna, Purnima
245 ## - TITLE STATEMENT
Title Applied Sociology for Nurses/
Statement of responsibility Purnima Khanna
260 ## - IMPRINT
Place of publication Delhi
Name of publisher AITBS
Date of publication 2023
300 ## - PHYSICAL DESCRIPTION
Page / Vol. No xxiii, 293p.
650 ## - SUBJECT ADDED ENTRY--TOPICAL TERM
Topical term Sociology
Form subdivision for Nurses
942 ## - ADDED ENTRY ELEMENTS (KOHA)
Koha item type Books
Holdings
Withdrawn status Lost status Source of classification Damaged status Not for loan Collection code Home library Current library Shelving location Date acquired Price Total Checkouts Call number Accession number Date last seen Copy number Price effective from Koha item type
    Dewey Decimal Classification       IDEAL INSTITUTE OF NURSING IDEAL INSTITUTE OF NURSING General Stacks 17/12/2023 395.00   610.73 KHA 1594 17/12/2023 1 17/12/2023 Books
    Dewey Decimal Classification       IDEAL INSTITUTE OF NURSING IDEAL INSTITUTE OF NURSING General Stacks 17/12/2023 395.00   610.73 KHA 1595 17/12/2023 2 17/12/2023 Books
    Dewey Decimal Classification       IDEAL INSTITUTE OF NURSING IDEAL INSTITUTE OF NURSING General Stacks 17/12/2023 395.00   610.73 KHA 1596 17/12/2023 3 17/12/2023 Books
    Dewey Decimal Classification     Purches Book IDEAL INSTITUTE OF NURSING IDEAL INSTITUTE OF NURSING General Stacks 11/03/2025 395.00   610.73 KHA 2011 07/05/2025 4 07/05/2025 Books
© Ideal Institute Of Nursing, All rights reserved.         Powered by Koha